| 000 | 01362nam a2200361 i 4500 | ||
|---|---|---|---|
| 003 | EG-ScBUE | ||
| 005 | 20230507095747.0 | ||
| 008 | 180515s2007 hu a f 000 0 mul d | ||
| 020 | _a9788080854430 | ||
| 040 |
_aEG-ScBUE _beng _erda _cEG-ScBUE _dEG-ScBUE |
||
| 041 | 1 |
_ahun _aeng _ager _afre _arus _hhun |
|
| 043 | _ae-hu--- | ||
| 082 | 0 | 4 |
_a725.1109439 _bJOZ _222 |
| 100 | 1 |
_aSisa, Jozsef, _eauthor. |
|
| 245 | 1 | 0 |
_aOrszágház = _bParliament / _ctext by József Sisa ; edited by Mária Sívó ; photographs by Péter Korniss, Péter Szabó. |
| 246 | 3 | 1 | _aParliament |
| 250 | _aLimited edition. | ||
| 264 | 1 |
_aBudapest : _bSlovart Publishing House, _c2007. |
|
| 300 |
_a116 pages : _bcolor illustrations ; _c28 cm |
||
| 336 |
_2rdacontent _atext _btxt |
||
| 337 |
_2rdamedia _aunmediated _bn |
||
| 338 |
_2rdacarrier _avolume _bnc |
||
| 546 | _aText in Hungarian, English, French, Germany and Russian ; translated from original Hungarian. | ||
| 650 | 7 |
_aArchitecture _zBudapest. _vPictorial works. _2BUEsh |
|
| 651 | 7 |
_aBudapest _xBuildings, structures, etc. _vPictorial works. _2BUEsh |
|
| 653 |
_bENGARC _bGGEN _cMay2018 |
||
| 655 | _vReading book | ||
| 700 | 1 |
_aSivo, Maria, _eeditor. |
|
| 700 | 1 |
_aKorniss, Peter, _ephotographer. |
|
| 700 | 1 |
_aSzabo, Peter. _ephotographer |
|
| 942 |
_2ddc _cBB |
||
| 999 |
_c26726 _d26698 |
||